000 00611nam a2200145 a 4500
001 000038107
005 20201002031157.0
008 130314s1989 dr abd 000 0 spa d
040 _aDO-SdBNP
_bspa
_cBNPHU
100 1 _aCruz, Roberto
_964488
245 1 0 _aAtlas geográfico-histórico de la provincia valverde : . :
_b(aporte para el desarrollo) /
_cRoberto Cruz.
260 _aSanto Domingo :
_bAsociación Noroestana de Ahorrro y Prestamo
_bMuseo Nacional de Historia y Geografía,
_c1989.
300 _a155 p. :
_bil., mapas, retrs. ;
_c29 cm.
500 _aIncluye datos biográficos del autor en la contracubierta
999 _c37597
_d37597